<The> Stock market and the structural changes in the V4 countries

Salvato in:
Dettagli Bibliografici
Autore principale: Chovancová, Božena
Altri autori: Fabová, Ľudmila
Natura: Capitolo di libro
Lingua:inglese
Tags: Aggiungi Tag
Nessun Tag, puoi essere il primo ad aggiungerne!!

MARC

LEADER 00000naa$a2200000$$$4500
001 0062710
005 20240502083151.0
041 0 |a eng 
044 |a PL 
245 1 0 |a <The> Stock market and the structural changes in the V4 countries  |c Božena Chovancová, Ľudmila Fabová 
100 1 |a Chovancová, Božena 
700 1 |a Fabová, Ľudmila